The voters and tax-payers of De Kalb County, Illinois; (Record no. 52230)
[ view plain ]
| 000 -LEADER | |
|---|---|
| fixed length control field | 01144cam a22002891 4500 |
| 001 - CONTROL NUMBER | |
| control field | rc 01002039 |
| 003 - CONTROL NUMBER IDENTIFIER | |
| control field | DLC |
| 005 - DATE AND TIME OF LATEST TRANSACTION | |
| control field | 20260227111905.0 |
| 007 - PHYSICAL DESCRIPTION FIXED FIELD--GENERAL INFORMATION | |
| fixed length control field | cr_||||||||||| |
| 008 - FIXED-LENGTH DATA ELEMENTS--GENERAL INFORMATION | |
| fixed length control field | 820610s1876 iluabc 000 0 eng |
| 010 ## - LIBRARY OF CONGRESS CONTROL NUMBER | |
| LC control number | rc 01002039 |
| 035 ## - SYSTEM CONTROL NUMBER | |
| System control number | (OCoLC)8508663 |
| 040 ## - CATALOGING SOURCE | |
| Original cataloging agency | DLC |
| Transcribing agency | ICIU |
| Modifying agency | ICIU |
| -- | DLC |
| 042 ## - AUTHENTICATION CODE | |
| Authentication code | premarc |
| 043 ## - GEOGRAPHIC AREA CODE | |
| Geographic area code | n-us-il |
| 050 00 - LIBRARY OF CONGRESS CALL NUMBER | |
| Classification number | F547.D3 |
| Item number | K4 |
| 100 1# - MAIN ENTRY--PERSONAL NAME | |
| Personal name | Kett, Henry F. |
| 245 14 - TITLE STATEMENT | |
| Title | The voters and tax-payers of De Kalb County, Illinois; |
| Remainder of title | containing, also, a biographical directory ... a history of the county and state, map of the county, a business directory, an abstract of every-day laws ... |
| 260 ## - PUBLICATION, DISTRIBUTION, ETC. | |
| Place of publication, distribution, etc. | Chicago, |
| Name of publisher, distributor, etc. | H.F. Kett, |
| Date of publication, distribution, etc. | 1876. |
| 300 ## - PHYSICAL DESCRIPTION | |
| Extent | 342 p. |
| Other physical details | ill., ports., double map. |
| Dimensions | 25 cm. |
| 500 ## - GENERAL NOTE | |
| General note | On cover: The tax payers & voters of De Kalb County, Illinois, 1876. |
| 530 ## - ADDITIONAL PHYSICAL FORM AVAILABLE NOTE | |
| Additional physical form available note | Also available in digital form on the Internet Archive Web site. |
| 651 #0 - SUBJECT ADDED ENTRY--GEOGRAPHIC NAME | |
| Geographic name | De Kalb County (Ill.) |
| General subdivision | History. |
| 651 #0 - SUBJECT ADDED ENTRY--GEOGRAPHIC NAME | |
| Geographic name | De Kalb County (Ill.) |
| Form subdivision | Directories. |
| 740 4# - ADDED ENTRY--UNCONTROLLED RELATED/ANALYTICAL TITLE | |
| Uncontrolled related/analytical title | The tax payers & voters of De Kalb County, Illinois, 1876. |
| 856 41 - ELECTRONIC LOCATION AND ACCESS | |
| Uniform Resource Identifier | <a href="http://hdl.loc.gov/loc.gdc/scd0001.00160960085">http://hdl.loc.gov/loc.gdc/scd0001.00160960085</a> |
No items available.